000
00288 a2200145 4500
001
171004
020
_a
040
_c
Magnum
100
_a
Costa, Sandra Diniz
240
1
0
_a
Lilito na escola
_l
por
245
1
0
_a
Lilito na escola
362
0
_a
1899
697
_a
I/GERAL
942
_c
BK
999
_c
171004
_d
171004